[Event "Zlin Region-chT 2223"]
[Site "Czech Republic"]
[Date "2022.12.11"]
[Round "5.3"]
[White "Dvoulety, Tomas"]
[Black "Martinak, Cyril"]
[Result "1/2-1/2"]
[WhiteElo "1966"]
[BlackElo "1782"]
[PlyCount "65"]
[EventDate "2022.10.09"]
[EventType "team-tourn"]
[EventRounds "11"]
[EventCountry "CZE"]
[SourceTitle "EXT 2024"]
[Source "ChessBase"]
[SourceDate "2023.10.10"]
[SourceVersion "1"]
[SourceVersionDate "2023.10.10"]
[SourceQuality "1"]
[WhiteTeam "Postoupky Sokol"]
[BlackTeam "Valasske Mezirici"]
[WhiteTeamCountry "CZE"]
[BlackTeamCountry "CZE"]

1. c4 c5 2. Nf3 b6 3. g3 Bb7 4. Bg2 e6 5. Nc3 Nf6 6. 0-0 Be7 7. Re1 0-0 8. e4 d6 9. d4 Nc6 10. d5 Ne5 11. Nxe5 dxe5 12. b3 Qc8 13. Bb2 Rd8 14. Qc2 a6 15. Bh3 Rd6 16. Rad1 Qc7 17. Ne2 Nd7 18. dxe6 fxe6 19. f3 Bf6 20. Rd3 Nf8 21. Rxd6 Qxd6 22. Rd1 Qc7 23. Rd3 Rd8 24. Qd2 Rxd3 25. Qxd3 Kf7 26. Kf2 Qd7 27. Nc1 Qxd3 28. Nxd3 Nd7 29. Ke2 a5 30. a3 Ke7 31. Ke3 Kd6 32. Bc3 Ba6 33. Nf2 1/2-1/2

[Event "Stare Mesto op"]
[Site "Stare Mesto"]
[Date "2018.08.18"]
[Round "1"]
[White "Ludvik, Tomas"]
[Black "Dvoulety, Tomas"]
[Result "1-0"]
[WhiteElo "2207"]
[BlackElo "1874"]
[PlyCount "81"]
[EventDate "2018.08.18"]
[EventType "swiss"]
[EventRounds "9"]
[EventCountry "CZE"]
[SourceTitle "CBM 186 Extra"]
[Source "ChessBase"]
[SourceDate "2018.08.24"]
[SourceVersion "1"]
[SourceVersionDate "2018.08.24"]
[SourceQuality "1"]

1. d4 d5 2. c4 c6 3. Nf3 Nf6 4. Nc3 dxc4 5. a4 Bf5 6. e3 e6 7. Bxc4 Bb4 8. 0-0 Nbd7 9. Qe2 0-0 10. e4 Bg6 11. Bd3 Bh5 12. e5 Nd5 13. Nxd5 cxd5 14. Qe3 Bg6 15. Bxg6 hxg6 16. Ng5 Be7 17. h4 Qb6 18. Bd2 Rfc8 19. Bc3 Qd8 20. g3 Rc6 21. Kg2 Nf8 22. Rh1 a6 23. a5 Rc4 24. Qf4 Qe8 25. Nf3 Ra4 26. Rac1 Rc4 27. h5 gxh5 28. Rxh5 Ng6 29. Qg4 b6 30. axb6 Rb8 31. Rch1 Rxb6 32. Nh4 Bxh4 33. R1xh4 Qe7 34. Rh1 a5 35. Rh7 Qa7 36. Qh5 Kf8 37. Rh8+ Ke7 38. Rg8 Kd7 39. Qxg6 fxg6 40. Rxg7+ Kc6 41. Rxa7 1-0

[Event "CZE-chT rap"]
[Site "Pardubice"]
[Date "2016.07.14"]
[Round "1.1"]
[White "Dvoulety, Tomas"]
[Black "Simacek, Pavel"]
[Result "0-1"]
[WhiteElo "1827"]
[BlackElo "2470"]
[PlyCount "60"]
[EventDate "2016.07.14"]
[EventType "team-swiss"]
[EventRounds "7"]
[EventCountry "CZE"]
[SourceTitle "EXT 2017"]
[Source "ChessBase"]
[SourceDate "2016.10.25"]
[SourceVersion "1"]
[SourceVersionDate "2016.10.25"]
[SourceQuality "1"]
[WhiteTeam "Postoupky"]
[BlackTeam "Turnov Zikuda"]
[WhiteTeamCountry "CZE"]
[BlackTeamCountry "CZE"]

1. c4 c6 2. Nc3 d5 3. e3 Nf6 4. Nf3 g6 5. Be2 Bg7 6. 0-0 0-0 7. d4 Bg4 8. cxd5 Nxd5 9. Nxd5 cxd5 10. Bd2 Nc6 11. Rc1 Qd7 12. Bc3 Rfc8 13. Qd2 a5 14. h3 Bxf3 15. Bxf3 b5 16. b3 e6 17. e4 b4 18. Bb2 Ne7 19. a3 Rxc1 20. Rxc1 Rb8 21. a4 dxe4 22. Bxe4 Rd8 23. Rc5 Bxd4 24. Rxa5 Bxb2 25. Qxb2 Nc6 26. Rb5 Qd1+ 27. Kh2 Nd4 28. Bf3 Qd3 29. Rxb4 Nxf3+ 30. gxf3 Qd6+ 0-1

[Event "CZE-chT2F 1516"]
[Site "Czech Republic"]
[Date "2016.04.03"]
[Round "10.45"]
[White "Horsak, Jan"]
[Black "Dvoulety, Tomas"]
[Result "1/2-1/2"]
[WhiteElo "2080"]
[BlackElo "1823"]
[PlyCount "44"]
[EventDate "2015.10.18"]
[EventType "team-tourn"]
[EventRounds "11"]
[EventCountry "CZE"]
[SourceTitle "EXT 2022"]
[Source "ChessBase"]
[SourceDate "2021.10.06"]
[SourceVersion "1"]
[SourceVersionDate "2021.10.06"]
[SourceQuality "1"]
[WhiteTeam "Stare Mesto II"]
[BlackTeam "Postoupky"]
[WhiteTeamCountry "CZE"]
[BlackTeamCountry "CZE"]

1. c4 Nf6 2. g3 c6 3. Bg2 d5 4. Nf3 e6 5. 0-0 Be7 6. d4 dxc4 7. Ne5 Nbd7 8. Nxc4 0-0 9. Nc3 Nb6 10. Ne5 c5 11. dxc5 Bxc5 12. Bg5 Qxd1 13. Rfxd1 h6 14. Bxf6 gxf6 15. Nd3 Be7 16. Rac1 Rb8 17. Ne4 Nd5 18. Nec5 b6 19. Bxd5 bxc5 20. Bb3 Ba6 21. Nxc5 Bxe2 22. Re1 Rfc8 1/2-1/2

[Event "CZE-chT2F 1516"]
[Site "Czech Republic"]
[Date "2016.02.07"]
[Round "7.57"]
[White "Dvoulety, Tomas"]
[Black "Frolik, Martin"]
[Result "0-1"]
[WhiteElo "1823"]
[BlackElo "2205"]
[PlyCount "76"]
[EventDate "2015.10.18"]
[EventType "team-tourn"]
[EventRounds "11"]
[EventCountry "CZE"]
[SourceTitle "EXT 2022"]
[Source "ChessBase"]
[SourceDate "2021.10.06"]
[SourceVersion "1"]
[SourceVersionDate "2021.10.06"]
[SourceQuality "1"]
[WhiteTeam "Postoupky"]
[BlackTeam "Trinec II"]
[WhiteTeamCountry "CZE"]
[BlackTeamCountry "CZE"]

1. c4 e6 2. Nf3 d5 3. b3 Nf6 4. Bb2 c5 5. e3 Nc6 6. Be2 d4 7. exd4 cxd4 8. d3 Be7 9. 0-0 0-0 10. Nbd2 e5 11. Re1 Nd7 12. a3 a5 13. Bf1 f5 14. Qc2 Qc7 15. g3 Nc5 16. Bg2 Bf6 17. h4 Bd7 18. Nh2 Rae8 19. Rab1 Kh8 20. Bc1 Nd8 21. Ndf3 e4 22. dxe4 fxe4 23. Bf4 Qc8 24. Ng5 Bxg5 25. hxg5 Nd3 26. Rxe4 Nxf4 27. Rxe8 Rxe8 28. gxf4 Bf5 29. Qd1 Bxb1 30. Qxb1 Qe6 31. Qd3 Qe1+ 32. Bf1 Qe4 33. Qd2 Ne6 34. Qxa5 Nxf4 35. b4 d3 36. b5 Ne2+ 37. Bxe2 dxe2 38. Qe1 Re5 0-1

[Event "CZE-chT2F 1516"]
[Site "Czech Republic"]
[Date "2016.01.10"]
[Round "5.66"]
[White "Kander, Ladislav"]
[Black "Dvoulety, Tomas"]
[Result "1-0"]
[WhiteElo "1983"]
[BlackElo "1823"]
[PlyCount "39"]
[EventDate "2015.10.18"]
[EventType "team-tourn"]
[EventRounds "11"]
[EventCountry "CZE"]
[SourceTitle "EXT 2022"]
[Source "ChessBase"]
[SourceDate "2021.10.06"]
[SourceVersion "1"]
[SourceVersionDate "2021.10.06"]
[SourceQuality "1"]
[WhiteTeam "Ostrava Labortech II"]
[BlackTeam "Postoupky"]
[WhiteTeamCountry "CZE"]
[BlackTeamCountry "CZE"]

1. Nf3 Nf6 2. c4 e6 3. g3 b6 4. Bg2 Bb7 5. 0-0 c5 6. Nc3 d5 7. Ne5 Qc7 8. d4 cxd4 9. Qxd4 dxc4 10. Nb5 Qc8 11. Nxc4 Nc6 12. Ncd6+ Bxd6 13. Nxd6+ Kd7 14. Qd1 Qf8 15. Bf4 e5 16. Nxb7+ Kc7 17. Rc1 exf4 18. Rxc6+ Kxb7 19. Rxf6+ Kb8 20. Rxf4 1-0

[Event "CZE-chT2F 1516"]
[Site "Czech Republic"]
[Date "2015.10.18"]
[Round "1.58"]
[White "Dvoulety, Tomas"]
[Black "Krejca, Jakub"]
[Result "0-1"]
[WhiteElo "1823"]
[BlackElo "2055"]
[PlyCount "52"]
[EventDate "2015.10.18"]
[EventType "team-tourn"]
[EventRounds "11"]
[EventCountry "CZE"]
[SourceTitle "EXT 2022"]
[Source "ChessBase"]
[SourceDate "2021.10.06"]
[SourceVersion "1"]
[SourceVersionDate "2021.10.06"]
[SourceQuality "1"]
[WhiteTeam "Postoupky"]
[BlackTeam "Hostalkova"]
[WhiteTeamCountry "CZE"]
[BlackTeamCountry "CZE"]

1. c4 e6 2. Nf3 d5 3. b3 Nf6 4. Bb2 Be7 5. g3 0-0 6. Bg2 b6 7. 0-0 Bb7 8. e3 c5 9. Nc3 Nbd7 10. cxd5 Nxd5 11. d4 cxd4 12. Nxd5 Bxd5 13. Bxd4 Bf6 14. Rc1 Rc8 15. Rxc8 Qxc8 16. Qd2 Qb7 17. Ne1 Bxg2 18. Nxg2 Ne5 19. Bxe5 Bxe5 20. Rc1 g6 21. Nf4 Bf6 22. Qd6 Rd8 23. Rc7 Qa6 24. Rd7 Rxd7 25. Qxd7 Qxa2 26. Nxe6 Qb1+ 0-1